| 000 | 00413nam a22001457a 4500 | ||
|---|---|---|---|
| 999 |
_c12366 _d12366 |
||
| 008 | 210129b ||||| |||| 00| 0 eng d | ||
| 082 | 0 | 0 |
_a621.3076 _bC4661 |
| 100 |
_93966 _aChapman, K. S. |
||
| 245 | 1 | 0 |
_aWorked examples in advanced electrical engineering _cBy K. S. Chapman |
| 260 |
_aLondon _b Edward Arnold _c1964 |
||
| 300 | _aix,158p. | ||
| 365 | _d22.50 | ||
| 650 | 0 | _aElectrical Engineering | |
| 942 | _cBK | ||